Egy szabadkai könyvről
Elmentve itt :
| Szerző: | |
|---|---|
| Dokumentumtípus: | Cikk |
| Megjelent: |
1977-05-21
|
| Sorozat: | Délmagyarország
67 No. 118 |
| Kulcsszavak: | Szabadka |
| Online Access: | http://dmarchiv.bibl.u-szeged.hu/91206 |
| LEADER | 00434nab a2200157 i 4500 | ||
|---|---|---|---|
| 001 | delm91206 | ||
| 005 | 20190529104259.0 | ||
| 008 | 190529s1977 hu o 0|| hun d | ||
| 040 | |a SZTE Délmagyarország Archívum |b hun | ||
| 041 | |a hun | ||
| 100 | 1 | |a Apró Ferenc | |
| 245 | 1 | 0 | |a Egy szabadkai könyvről |h [elektronikus dokumentum] / |c Apró Ferenc |
| 260 | |c 1977-05-21 | ||
| 300 | |a 4 | ||
| 490 | 0 | |a Délmagyarország |v 67 No. 118 | |
| 695 | |a Szabadka | ||